[Event "Gif sur Yvette-Evry Grand Roque II"]
[Site "Evry"]
[Date "2008.02.10"]
[Round "7.3"]
[White "Seret, Jean Luc"]
[Black "Moussard, Jules"]
[Result "0-1"]
[WhiteElo "2380"]
[BlackElo "2241"]
[PlyCount "66"]
[EventDate "2008.02.10"]
[SourceDate "2007.10.25"]

1. e4 c5 2. Nf3 d6 3. d4 cxd4 4. Nxd4 Nf6 5. Nc3 g6 6. Be2 Bg7 7. O-O O-O 8.
Be3 Nc6 9. Nb3 Be6 10. f4 Rc8 11. f5 Bd7 12. g4 Ne5 13. Nd2 Rxc3 14. bxc3 Bc6
15. Bf3 d5 16. exd5 Nxd5 17. Bd4 Nxc3 18. Bxc3 Qb6+ 19. Kg2 Nxf3 20. Nxf3 Bxc3
21. Rb1 Qa5 22. fxg6 fxg6 23. Qe2 Qa4 24. h3 Qf4 25. Rb3 Be5 26. Kg1 Bd6 27.
Rc3 a6 28. Qd2 Qf6 29. Qd4 Qf7 30. Nd2 Bf4 31. Ne4 Be3+ 32. Rxe3 Qxf1+ 33. Kh2
g5 0-1

[Event "Gif sur Yvette-Evry Grand Roque II"]
[Site "Evry"]
[Date "2008.02.10"]
[Round "7.4"]
[White "Betton, Olivier"]
[Black "Seret, Jean Renaud"]
[Result "1/2-1/2"]
[WhiteElo "2197"]
[BlackElo "2199"]
[PlyCount "75"]
[EventDate "2008.02.10"]
[SourceDate "2007.10.25"]

1. c4 e5 2. g3 Nc6 3. Bg2 f5 4. e3 Nf6 5. Ne2 g6 6. Nbc3 Bg7 7. O-O O-O 8. a3
a5 9. Rb1 Kh8 10. b4 axb4 11. axb4 Ne7 12. d4 d6 13. Qb3 c6 14. Rd1 Qc7 15. b5
Be6 16. b6 Qc8 17. Qb4 c5 18. dxc5 dxc5 19. Qb5 Bd7 20. Qb3 e4 21. Nb5 Bxb5 22.
Qxb5 Qc6 23. Qxc6 Nxc6 24. Bb2 Rfd8 25. Rxd8+ Rxd8 26. Nf4 Rd6 27. Ba3 Nb4 28.
Bxb4 Rxb6 29. Rd1 cxb4 30. Rd8+ Ng8 31. Nd5 Re6 32. Nxb4 Be5 33. c5 Kg7 34. Ra8
Re7 35. Ra7 Rc7 36. c6 bxc6 37. Rxc7+ Bxc7 38. Nxc6 1/2-1/2

[Event "Gif sur Yvette-Evry Grand Roque II"]
[Site "Evry"]
[Date "2008.02.10"]
[Round "7.5"]
[White "Leitner, Walter"]
[Black "Guillon, Cyril"]
[Result "1-0"]
[WhiteElo "2115"]
[BlackElo "2212"]
[PlyCount "61"]
[EventDate "2008.02.10"]
[SourceDate "2007.10.25"]

1. e4 c5 2. Nf3 Nc6 3. Bb5 g6 4. O-O Bg7 5. Re1 Nf6 6. c3 O-O 7. d4 cxd4 8.
cxd4 d5 9. e5 Ne4 10. h3 f6 11. Nbd2 Nxd2 12. Bxd2 Bd7 13. Bxc6 Bxc6 14. Bf4
Qa5 15. a3 Rac8 16. Bd2 Qb6 17. Bb4 Rfe8 18. Qd2 Ba4 19. Rac1 Qa6 20. Rxc8 Rxc8
21. Rc1 Rxc1+ 22. Qxc1 Qe6 23. Qc7 fxe5 24. Qb8+ Bf8 25. Nxe5 a5 26. Bxa5 Qa6
27. Bd2 Kg7 28. Bh6+ Kxh6 29. Qxf8+ Kh5 30. g4+ Kg5 31. Nf3# 1-0

[Event "Gif sur Yvette-Evry Grand Roque II"]
[Site "Evry"]
[Date "2008.02.10"]
[Round "7.6"]
[White "Roumegous, Etienne"]
[Black "Boonekamp, Maarten"]
[Result "1-0"]
[WhiteElo "2097"]
[BlackElo "2055"]
[PlyCount "45"]
[EventDate "2008.02.10"]
[SourceDate "2007.10.25"]

1. d4 Nf6 2. c4 c5 3. d5 b5 4. cxb5 a6 5. f3 e6 6. e4 exd5 7. exd5 Qe7+ 8. Kf2
Qe5 9. Nc3 c4 10. Be3 axb5 11. Bd4 Qf4 12. Nh3 Qh4+ 13. g3 Qh6 14. Qe2+ Be7 15.
d6 Ng4+ 16. fxg4 Qxd6 17. Nxb5 Qc6 18. Bg2 Qxb5 19. Bxa8 d5 20. Rhe1 Be6 21.
Nf4 O-O 22. Nxe6 fxe6+ 23. Kg2 1-0

[Event "Gif sur Yvette-Evry Grand Roque II"]
[Site "Evry"]
[Date "2008.02.10"]
[Round "7.7"]
[White "Danet, Brieuc"]
[Black "Guyard, Rodolphe"]
[Result "1/2-1/2"]
[WhiteElo "2108"]
[BlackElo "2115"]
[PlyCount "107"]
[EventDate "2008.02.10"]
[SourceDate "2007.10.25"]

1. Nf3 c5 2. g3 Nc6 3. d4 cxd4 4. Nxd4 Qb6 5. Nb3 Nf6 6. Bg2 g6 7. Nc3 Bg7 8.
O-O O-O 9. Bg5 Qd8 10. e4 d6 11. h3 Bd7 12. Qe2 Qc8 13. Kh2 Re8 14. Rad1 Ne5
15. Nd5 Nxd5 16. exd5 Qc4 17. Rfe1 Qa4 18. Rd4 Qxa2 19. f4 f6 20. fxe5 dxe5 21.
Rb4 fxg5 22. c3 Qa6 23. Qxa6 bxa6 24. Nc5 Bf5 25. Nxa6 Rac8 26. Rb7 Rc4 27. Nb4
a5 28. Nc6 Bf6 29. Nxa5 Rc5 30. Nc6 h5 31. Nxe5 Ra8 32. Nc6 e6 33. dxe6 Re8 34.
e7 Kf7 35. Rb8 Bd7 36. Rd8 Bxc6 37. Bxc6 Rxe7 38. Rxe7+ Bxe7 39. Rd7 Kf6 40.
Bf3 Ke6 41. Rb7 Bd6 42. Kg2 Be5 43. Rb6+ Bd6 44. g4 h4 45. Be4 Re5 46. Kf3 Kd7
47. b4 Re6 48. Rb7+ Kc8 49. Rf7 Be5 50. c4 Rf6+ 51. Rxf6 Bxf6 52. c5 Bc3 53. b5
Bb4 54. c6 1/2-1/2

[Event "Gif sur Yvette-Evry Grand Roque II"]
[Site "Evry"]
[Date "2008.02.10"]
[Round "7.8"]
[White "Neuhauser, Salome"]
[Black "Lofi, Sarah"]
[Result "1-0"]
[WhiteElo "1954"]
[BlackElo "1860"]
[PlyCount "57"]
[EventDate "2008.02.10"]
[SourceDate "2007.10.25"]

1. e4 c5 2. Nf3 Nc6 3. d4 cxd4 4. Nxd4 g6 5. c4 Bg7 6. Be3 Nf6 7. Nc3 O-O 8.
Be2 d6 9. O-O Bd7 10. Rc1 a6 11. b3 Rc8 12. f3 Rb8 13. Qd2 Re8 14. Rfd1 Nxd4
15. Bxd4 Be6 16. Qe3 Qa5 17. Bb6 Qh5 18. f4 Bg4 19. h3 Bxe2 20. Nxe2 e5 21. Bc7
Rbc8 22. Bxd6 exf4 23. Nxf4 Qa5 24. e5 Nd7 25. Nd5 Bxe5 26. Ne7+ Kh8 27. Bxe5+
Nxe5 28. Nxc8 Rxc8 29. Rd5 1-0

[Event "Bagneux-Bois Colombes II"]
[Site "Bois-Colombes"]
[Date "2008.03.15"]
[Round "8.1"]
[White "Mohandesi, Shahin"]
[Black "Bernard, Vincent"]
[Result "1/2-1/2"]
[WhiteElo "2323"]
[BlackElo "2189"]
[PlyCount "52"]
[EventDate "2008.03.15"]
[SourceDate "2007.10.25"]

1. d4 d5 2. Nf3 Nf6 3. e3 e6 4. Bd3 b6 5. Nbd2 Bb7 6. O-O Nbd7 7. b3 Be7 8. Bb2
O-O 9. c4 c5 10. Qb1 h6 11. Ne5 Rc8 12. f4 cxd4 13. exd4 dxc4 14. bxc4 Rc7 15.
a4 Nb8 16. Ndf3 Nc6 17. Bc3 Nd7 18. Kh1 Ndxe5 19. fxe5 Rd7 20. Be4 f5 21. Bxc6
Bxc6 22. Qd3 Be4 23. Qe3 Qb8 24. Nd2 Bg5 25. Qe2 Bxd2 26. Qxd2 Rc8 1/2-1/2

[Event "Bagneux-Bois Colombes II"]
[Site "Bois-Colombes"]
[Date "2008.03.15"]
[Round "8.2"]
[White "Toma, Michal"]
[Black "Sinkovics, Peter"]
[Result "1/2-1/2"]
[WhiteElo "2206"]
[BlackElo "2355"]
[PlyCount "68"]
[EventDate "2008.03.15"]
[SourceDate "2007.10.25"]

1. e4 e5 2. f4 exf4 3. Nf3 g5 4. h4 g4 5. Ne5 Nf6 6. Bc4 d5 7. exd5 Bd6 8. d4
Nh5 9. Nc3 Nd7 10. Bb5 f5 11. Qd3 O-O 12. Bd2 Nxe5 13. dxe5 Bxe5 14. O-O-O a6
15. Bc4 Qd6 16. Rhe1 Bg7 17. Ne2 Kh8 18. Qb3 b5 19. Bd3 Bb7 20. Bb4 Qxd5 21. c4
Qxg2 22. Bxf8 Rxf8 23. Nc3 f3 24. cxb5 f2 25. Re7 Bf3 26. Rf7 Re8 27. Rxf5 Ng3
28. Rg5 Rf8 29. Qe6 f1=Q 30. Bxf1 Nxf1 31. Rxg7 Bxd1 32. Rg8+ Rxg8 33. Qf6+ Rg7
34. Qf8+ Rg8 1/2-1/2

[Event "Bagneux-Bois Colombes II"]
[Site "Bois-Colombes"]
[Date "2008.03.15"]
[Round "8.3"]
[White "Dussart, Frederic"]
[Black "Debeaune, Robin"]
[Result "1-0"]
[WhiteElo "2260"]
[BlackElo "2228"]
[PlyCount "51"]
[EventDate "2008.03.15"]
[SourceDate "2007.10.25"]

1. e4 c5 2. Nf3 Nc6 3. d4 cxd4 4. Nxd4 Nf6 5. Nc3 g6 6. Be3 Bg7 7. Be2 O-O 8.
O-O d5 9. exd5 Nb4 10. Bf3 Nbxd5 11. Nxd5 Nxd5 12. Bg5 h6 13. Bh4 Nb6 14. c3 g5
15. Bg3 e5 16. Nb5 Qxd1 17. Bxd1 f5 18. Bb3+ Kh7 19. f3 Bd7 20. Nd6 Bc6 21. Bc2
Bd7 22. Rfe1 Rae8 23. Nxe8 Rxe8 24. Rad1 Re7 25. Bf2 Kh8 26. Bc5 1-0

[Event "Bagneux-Bois Colombes II"]
[Site "Bois-Colombes"]
[Date "2008.03.15"]
[Round "8.4"]
[White "Stenel, Vincent"]
[Black "Goerlinger, Stephane"]
[Result "1/2-1/2"]
[WhiteElo "2121"]
[BlackElo "2210"]
[PlyCount "136"]
[EventDate "2008.03.15"]
[SourceDate "2007.10.25"]

1. e4 c5 2. Nc3 e6 3. g3 Nc6 4. Bg2 Nge7 5. d3 g6 6. Be3 d6 7. Qd2 Bg7 8. Bh6
O-O 9. h4 f6 10. Bxg7 Kxg7 11. f4 Rb8 12. h5 Nd4 13. Nd1 d5 14. Nf2 b5 15.
O-O-O b4 16. hxg6 hxg6 17. f5 g5 18. Ngh3 Ng8 19. e5 Nxf5 20. exf6+ Qxf6 21.
Nxg5 Nxg3 22. Rh7+ Kg6 23. Nfh3 e5 24. Bxd5 Bxh3 25. Rxh3 Qf4 26. Rxg3 Qxg3 27.
Be4+ Kf6 28. Nh7+ Ke7 29. Nxf8 Rxf8 30. Qg2 Qf4+ 31. Kb1 Nf6 32. Rf1 Qxf1+ 33.
Qxf1 Nxe4 34. Qxf8+ Kxf8 35. dxe4 Ke7 36. c3 bxc3 37. b3 Kf6 38. Kc2 Kg5 39.
Kxc3 Kf4 40. Kd3 Kf3 41. a3 Kf4 42. a4 a5 43. Kc4 Kxe4 44. Kxc5 Kd3 45. b4 axb4
46. a5 b3 47. a6 b2 48. a7 b1=Q 49. a8=Q Qg1+ 50. Kb5 Qd4 51. Qf3+ Kd2 52. Qg2+
Kc3 53. Qc6+ Kb3 54. Qe6+ Kc2 55. Qc6+ Kb3 56. Qe6+ Kb2 57. Qc4 Qc3 58. Qe2+
Kc1 59. Qf1+ Kd2 60. Qg2+ Ke3 61. Qh3+ Kd4 62. Qd7+ Ke4 63. Qg4+ Kd3 64. Qh3+
Kc2 65. Qg2+ Qd2 66. Qc6+ Kb2 67. Qe4 Qf4 68. Qxf4 exf4 1/2-1/2

[Event "Bagneux-Bois Colombes II"]
[Site "Bois-Colombes"]
[Date "2008.03.15"]
[Round "8.5"]
[White "Gollain, Marc"]
[Black "Choisy, Mathilde"]
[Result "1/2-1/2"]
[WhiteElo "2193"]
[BlackElo "2102"]
[PlyCount "140"]
[EventDate "2008.03.15"]
[SourceDate "2007.10.25"]

1. Nf3 d6 2. d4 Nf6 3. c4 g6 4. Nc3 Bg7 5. e4 O-O 6. Be2 e5 7. O-O Nc6 8. d5
Ne7 9. b4 a5 10. Ba3 Nd7 11. Ne1 f5 12. Nd3 Nf6 13. f3 Bh6 14. Bc1 Bxc1 15.
Rxc1 axb4 16. Nxb4 c5 17. Nd3 f4 18. Rb1 g5 19. h3 Nd7 20. Qb3 Rf6 21. Kf2 Ng6
22. Ke1 Nh4 23. Rg1 h5 24. Kd2 Kf7 25. Kc2 Ra6 26. Kb2 Qa5 27. Rbd1 Nb6 28. Ka1
Na4 29. Nb5 Ng6 30. Nb2 Nxb2 31. Qxb2 Bd7 32. Nc3 Rb6 33. Qc2 Nh4 34. Bd3 Ke7
35. Rb1 Rf8 36. Rxb6 Qxb6 37. Rb1 Qa6 38. Bf1 Ra8 39. Rb2 Ra7 40. Qb1 Qa5 41.
Qe1 Qa3 42. Qc1 Qa5 43. Bd3 Qa3 44. Bf1 Qa5 45. Rf2 Qa3 46. Rb2 Qa5 47. Nb1 Ra8
48. Nd2 Ra7 49. Qb1 Qc3 50. Nb3 Nxf3 51. gxf3 Qxf3 52. Nd2 Qc3 53. Qe1 Bxh3 54.
Bxh3 Qxh3 55. Nb3 Qg3 56. Qd1 g4 57. Nxc5 dxc5 58. d6+ Kd7 59. Qd5 Qe1+ 60. Rb1
Qc3+ 61. Rb2 Qc1+ 62. Rb1 Qc3+ 63. Rb2 Qd4 64. Qf7+ Kxd6 65. Qf6+ Kc7 66. Qe7+
Kc6 67. Qe6+ Kc7 68. Qe7+ Kc6 69. Qe6+ Kc7 70. Qe7+ Kc6 1/2-1/2

[Event "Bagneux-Bois Colombes II"]
[Site "Bois-Colombes"]
[Date "2008.03.15"]
[Round "8.6"]
[White "Frih, Ameur"]
[Black "Massimi, Pierre"]
[Result "0-1"]
[WhiteElo "2112"]
[BlackElo "1918"]
[PlyCount "38"]
[EventDate "2008.03.15"]
[SourceDate "2007.10.25"]

1. e4 e5 2. Nf3 Nc6 3. Bb5 a6 4. Ba4 Nf6 5. O-O Be7 6. Re1 b5 7. Bb3 O-O 8. c3
d5 9. exd5 Nxd5 10. Nxe5 Nxe5 11. Rxe5 Nf6 12. h3 Bd6 13. Re1 Ng4 14. Qf3 Qh4
15. d4 Nxf2 16. Qxf2 Bh2+ 17. Kf1 Bg3 18. Qxf7+ Rxf7+ 19. Bxf7+ Kxf7 0-1

[Event "Bagneux-Bois Colombes II"]
[Site "Bois-Colombes"]
[Date "2008.03.15"]
[Round "8.7"]
[White "Payen, Gerard"]
[Black "Metzger, Clement"]
[Result "0-1"]
[WhiteElo "1793"]
[BlackElo "2165"]
[PlyCount "86"]
[EventDate "2008.03.15"]
[SourceDate "2007.10.25"]

1. e4 c5 2. c3 d5 3. exd5 Qxd5 4. d4 Nc6 5. Nf3 Bg4 6. Be2 Nf6 7. Be3 Rd8 8.
Qa4 e6 9. O-O cxd4 10. cxd4 Bd6 11. h3 Bh5 12. Nc3 Qa5 13. Qxa5 Nxa5 14. Rfd1
Nc6 15. Rac1 h6 16. Kf1 Nb4 17. Ne5 Bxe2+ 18. Kxe2 Nbd5 19. Nb5 Bb8 20. Nc3 Ke7
21. g4 Rd6 22. Nxd5+ Nxd5 23. Bd2 Rhd8 24. Nd3 Kf6 25. Nf4 R6d7 26. Nxd5+ Rxd5
27. f4 h5 28. Kf3 hxg4+ 29. hxg4 Kg6 30. Bc3 e5 31. f5+ Kg5 32. Bd2+ Kf6 33.
dxe5+ Bxe5 34. Rc2 g6 35. fxg6 Kxg6 36. b3 Rd3+ 37. Ke2 Bf4 38. Rb2 Bxd2 39.
Rbxd2 Rxd2+ 40. Rxd2 Rxd2+ 41. Kxd2 Kg5 42. Ke1 Kxg4 43. Kf1 Kf3 0-1

[Event "Cergy Pontoise-Sautron"]
[Site "Sautron"]
[Date "2008.03.15"]
[Round "8.1"]
[White "Bernard, Christophe"]
[Black "Pham Minh, Hoang"]
[Result "0-1"]
[WhiteElo "2364"]
[BlackElo "2473"]
[PlyCount "110"]
[EventDate "2008.03.15"]
[SourceDate "2007.10.25"]

1. d4 Nf6 2. Nf3 e6 3. c4 b6 4. g3 Ba6 5. Nbd2 Bb4 6. Qc2 Bb7 7. Bg2 c5 8. O-O
cxd4 9. Nxd4 Bxg2 10. Kxg2 O-O 11. Ne4 Be7 12. Bg5 d5 13. Nxf6+ Bxf6 14. Bxf6
Qxf6 15. Rad1 Rc8 16. Qa4 e5 17. Nc2 d4 18. e3 Nc6 19. exd4 exd4 20. Rd2 Rd8
21. Rfd1 Rd6 22. Qa3 Rad8 23. b4 h5 24. b5 Na5 25. Qf3 Qxf3+ 26. Kxf3 d3 27.
Na3 Nb7 28. h4 Nc5 29. Re1 Kf8 30. Kg2 Rd4 31. f3 f6 32. Kf2 Kf7 33. Red1 g5
34. hxg5 fxg5 35. Ke3 Kg6 36. Nb1 g4 37. Rf2 R4d6 38. Kd2 Rf6 39. Rdf1 Rdf8 40.
Ke3 Re8+ 41. Kd2 Rxf3 42. Rxf3 Re2+ 43. Kd1 gxf3 44. Rxf3 Rxa2 45. Nc3 Rh2 46.
Nd5 Kg5 47. Re3 Kg4 48. Nf6+ Kf5 49. Ng8 Rg2 50. Nh6+ Kg6 51. Ng8 Kg5 52. Re5+
Kg4 53. Nf6+ Kxg3 54. Rg5+ Kf3 55. Rd5 Ne4 0-1

[Event "Cergy Pontoise-Sautron"]
[Site "Sautron"]
[Date "2008.03.15"]
[Round "8.2"]
[White "Lubczynski, Rafal"]
[Black "Marcantoni, Herve"]
[Result "1-0"]
[WhiteElo "2413"]
[BlackElo "2211"]
[PlyCount "75"]
[EventDate "2008.03.15"]
[SourceDate "2007.10.25"]

1. d4 Nf6 2. c4 e6 3. g3 Bb4+ 4. Bd2 Qe7 5. Bg2 Bxd2+ 6. Qxd2 d6 7. Nc3 e5 8.
Nf3 O-O 9. O-O Bg4 10. Rad1 Nc6 11. d5 Nb8 12. Ne1 a5 13. h3 Bd7 14. e4 Na6 15.
Nd3 Nb4 16. f4 Nxd3 17. Qxd3 Rfb8 18. b3 Ne8 19. Kh2 f6 20. Rf2 Rd8 21. Rfd2 g6
22. f5 Ng7 23. g4 g5 24. h4 h6 25. c5 b6 26. c6 Bc8 27. Qh3 Ba6 28. hxg5 hxg5
29. Kg3 Qf7 30. Rh1 Kf8 31. Bf1 Bxf1 32. Qxf1 Ke7 33. Nb5 Rdc8 34. a4 Rab8 35.
Rdh2 Ra8 36. Rh7 Rab8 37. R1h6 Ra8 38. Qh3 1-0

[Event "Cergy Pontoise-Sautron"]
[Site "Sautron"]
[Date "2008.03.15"]
[Round "8.3"]
[White "Cathelineau, Didier"]
[Black "Tripoteau, Nicolas"]
[Result "0-1"]
[WhiteElo "2183"]
[BlackElo "2309"]
[PlyCount "90"]
[EventDate "2008.03.15"]
[SourceDate "2007.10.25"]

1. d4 Nf6 2. c4 c5 3. d5 b5 4. cxb5 a6 5. bxa6 g6 6. Nc3 Bxa6 7. e4 Bxf1 8.
Kxf1 d6 9. Nf3 Nbd7 10. g3 Bg7 11. Kg2 O-O 12. h3 Ra6 13. Qe2 Qa8 14. Rd1 e6
15. Bf4 exd5 16. exd5 Re8 17. Qd3 Nh5 18. Be3 Rb6 19. Rab1 Ne5 20. Nxe5 Bxe5
21. b3 Nf6 22. Na4 Rb4 23. Nxc5 dxc5 24. Bxc5 Rb7 25. Qf3 Qxa2 26. d6 Qa8 27.
b4 Nd7 28. Rbc1 Rb5 29. Qxa8 Rxa8 30. Rc2 Rc8 31. f4 Bg7 32. Re2 Bf6 33. g4 Kf8
34. g5 Bd8 35. Rde1 Bb6 36. Re7 Rd8 37. Ra1 Nxc5 38. bxc5 Bxc5 39. Re5 Rb2+ 40.
Kf3 Rb3+ 41. Kg2 Bd4 42. Rd1 Bxe5 43. fxe5 Rb5 44. Re1 Re8 45. h4 Rbxe5 0-1

[Event "Cergy Pontoise-Sautron"]
[Site "Sautron"]
[Date "2008.03.15"]
[Round "8.4"]
[White "Stephan, Jean Marie"]
[Black "Yacob, Francois"]
[Result "1-0"]
[WhiteElo "2222"]
[BlackElo "2174"]
[PlyCount "79"]
[EventDate "2008.03.15"]
[SourceDate "2007.10.25"]

1. e4 c5 2. Nf3 e6 3. d4 cxd4 4. Nxd4 Nf6 5. Nc3 Nc6 6. Nxc6 bxc6 7. e5 Nd5 8.
Ne4 Qc7 9. f4 Qb6 10. c4 Bb4+ 11. Ke2 f5 12. Nf2 Nc7 13. Nd3 Na6 14. Be3 Qb8
15. Nxb4 Qxb4 16. b3 O-O 17. Qd2 Qxd2+ 18. Kxd2 Rd8 19. Kc3 c5 20. Be2 Bb7 21.
Bf3 Bxf3 22. gxf3 d5 23. exd6 Rxd6 24. Rhd1 Rad8 25. Rxd6 Rxd6 26. a3 Rc6 27.
b4 Rc7 28. Rd1 Kf7 29. Rd8 cxb4+ 30. axb4 Rb7 31. b5 Nc7 32. Bc5 e5 33. fxe5
Ne6 34. Rc8 g5 35. Bf2 Nc7 36. Rd8 Ke6 37. Rd2 Kxe5 38. Ra2 Kf4 39. Kb4 Kxf3
40. Rxa7 1-0

[Event "Cergy Pontoise-Sautron"]
[Site "Sautron"]
[Date "2008.03.15"]
[Round "8.5"]
[White "Jaulin, Marc"]
[Black "Levasseur, Philippe"]
[Result "1/2-1/2"]
[WhiteElo "2140"]
[BlackElo "2182"]
[PlyCount "87"]
[EventDate "2008.03.15"]
[SourceDate "2007.10.25"]

1. e4 e6 2. d4 d5 3. Nc3 Nf6 4. Bg5 dxe4 5. Nxe4 Be7 6. Bxf6 Bxf6 7. Nf3 Nd7 8.
Qd2 O-O 9. O-O-O Be7 10. Bd3 Nf6 11. Nxf6+ Bxf6 12. Qe3 Qd5 13. Qe4 Qxe4 14.
Bxe4 a5 15. Ne5 a4 16. Rd3 Be7 17. Rc3 Bd6 18. a3 Rd8 19. Nf3 Ra5 20. Rd1 f6
21. g3 b6 22. Rcd3 Bd7 23. c4 f5 24. Bb7 Rb8 25. Ne5 Rxb7 26. Nxd7 c6 27. Ne5
Bxe5 28. dxe5 Rxe5 29. R1d2 Rc5 30. Rc3 Kf7 31. f4 Re7 32. Kc2 e5 33. fxe5
Rcxe5 34. Rcd3 Re4 35. Kc3 Re3 36. Rxe3 Rxe3+ 37. Kb4 Re4 38. Rd6 Re2 39. Kc3
Re6 40. Rd7+ Re7 41. Rd6 Re3+ 42. Kd2 Re6 43. Rd7+ Re7 44. Rd6 1/2-1/2

[Event "Cergy Pontoise-Sautron"]
[Site "Sautron"]
[Date "2008.03.15"]
[Round "8.6"]
[White "Sorin, Baptiste"]
[Black "Hameau, Cyril"]
[Result "1-0"]
[WhiteElo "2145"]
[BlackElo "2082"]
[PlyCount "39"]
[EventDate "2008.03.15"]
[SourceDate "2007.10.25"]

1. e4 d5 2. exd5 Qxd5 3. Nc3 Qd6 4. d4 Nf6 5. g3 a6 6. Bg2 Nc6 7. d5 Nb4 8. a3
Bg4 9. f3 Nbxd5 10. Nxd5 O-O-O 11. fxg4 Nxd5 12. Qxd5 Qxd5 13. Bxd5 Rxd5 14.
Nf3 e5 15. Be3 e4 16. Ng5 f6 17. Ne6 Bd6 18. Nxg7 Rg8 19. Nf5 Be5 20. Ne7+ 1-0

[Event "Cergy Pontoise-Sautron"]
[Site "Sautron"]
[Date "2008.03.15"]
[Round "8.7"]
[White "Ricroque, Jean Pierre"]
[Black "Rate, Bruno"]
[Result "1/2-1/2"]
[WhiteElo "1987"]
[BlackElo "2105"]
[PlyCount "110"]
[EventDate "2008.03.15"]
[SourceDate "2007.10.25"]

1. d4 d5 2. c4 e6 3. Nf3 Nf6 4. Nc3 Be7 5. Bg5 h6 6. Bh4 Nbd7 7. e3 O-O 8. Qc2
b6 9. cxd5 exd5 10. Rd1 Bb7 11. Be2 Ne4 12. Bxe7 Qxe7 13. O-O Ndf6 14. Ne5 c5
15. Nxe4 dxe4 16. Nc4 Rfc8 17. Qa4 Bd5 18. b3 Rab8 19. Na3 cxd4 20. Rxd4 Bc6
21. Bb5 Bb7 22. Rfd1 a6 23. Bf1 b5 24. Qa5 Rc7 25. Qd2 Rbc8 26. Qb2 Kh7 27.
R4d2 Ng4 28. Nc2 Rc5 29. h3 Ne5 30. Nd4 Qg5 31. Qb1 g6 32. Rc2 Rxc2 33. Nxc2
Qe7 34. Nd4 Qc5 35. Qb2 b4 36. Rd2 Qc3 37. Qxc3 Rxc3 38. Ne2 Rc7 39. a3 a5 40.
axb4 axb4 41. Rd4 Nd3 42. Ng3 Rc3 43. Rd7 Bc6 44. Rxf7+ Kg8 45. Rf6 Kg7 46. Rd6
Ne5 47. Bc4 Nxc4 48. Rxc6 Nd2 49. Rxc3 bxc3 50. b4 Kf7 51. Ne2 c2 52. Nc1 Ke6
53. f4 exf3 54. gxf3 Nxf3+ 55. Kf2 Ne5 {suite illisible} 1/2-1/2

[Event "Cergy Pontoise-Sautron"]
[Site "Sautron"]
[Date "2008.03.15"]
[Round "8.8"]
[White "Desnoes, Anne Laure"]
[Black "Oberlin, Cecile"]
[Result "0-1"]
[WhiteElo "1499"]
[BlackElo "1640"]
[PlyCount "64"]
[EventDate "2008.03.15"]
[SourceDate "2007.10.25"]

1. e4 e5 2. Nf3 d6 3. h3 Be6 4. d4 exd4 5. Nxd4 Qc8 6. Nc3 a6 7. Bf4 Nc6 8. Be2
Nge7 9. Nxe6 Qxe6 10. O-O Ne5 11. Bh2 h5 12. f4 N5c6 13. Nd5 Nxd5 14. exd5 Qe3+
15. Kh1 Ne7 16. Re1 Qc5 17. Bf3 O-O-O 18. Bg1 Qc4 19. Re4 Qxd5 20. Rd4 Qf5 21.
Rb4 Nc6 22. Bxc6 bxc6 23. Ba7 d5 24. Ra4 Kd7 25. Bg1 Bd6 26. Qd2 Rde8 27. Bh2
Rh6 28. Rxa6 Qe4 29. Qc3 Bf8 30. Ra7 f5 31. Bg3 Rg6 32. Bf2 Qxg2# 0-1

[Event "Gonfreville l'Orcher II-Echiquier Berry"]
[Site "Lisieux"]
[Date "2008.03.16"]
[Round "8.1"]
[White "Charmeteau, Sven"]
[Black "Cosma, Ioan"]
[Result "0-1"]
[WhiteElo "2179"]
[BlackElo "2451"]
[PlyCount "90"]
[EventDate "2008.03.15"]
[SourceDate "2007.10.25"]

1. e4 c5 2. Nc3 Nc6 3. f4 g6 4. Nf3 Bg7 5. Bb5 Nd4 6. O-O Nxb5 7. Nxb5 d5 8.
exd5 a6 9. Nc3 Nf6 10. d4 cxd4 11. Qxd4 O-O 12. Ne5 Bf5 13. Rf2 Qd6 14. Qd1
Rad8 15. Be3 Nxd5 16. Qxd5 Qxd5 17. Nxd5 Rxd5 18. c4 Rdd8 19. Rd2 Rxd2 20. Bxd2
g5 21. Rf1 g4 22. c5 h5 23. Ba5 f6 24. Nc4 Kf7 25. Bb6 Be6 26. Na5 Rb8 27. Bc7
Rc8 28. Bb6 f5 29. Nxb7 Bd5 30. Nd8+ Ke8 31. Rd1 e6 32. b4 Bf6 33. Rxd5 exd5
34. Nb7 Be7 35. a4 Kd7 36. b5 axb5 37. axb5 Ra8 38. Ba5 d4 39. c6+ Ke6 40. b6
d3 41. Kf2 Kd5 42. c7 Kc6 43. Nd8+ Bxd8 44. b7 Bh4+ 45. g3 Kxb7 0-1

[Event "Gonfreville l'Orcher II-Echiquier Berry"]
[Site "Lisieux"]
[Date "2008.03.16"]
[Round "8.2"]
[White "Lalic, Bogdan"]
[Black "Lefebvre, Herve"]
[Result "1-0"]
[WhiteElo "2507"]
[BlackElo "2253"]
[PlyCount "58"]
[EventDate "2008.03.15"]
[SourceDate "2007.10.25"]

1. d4 f5 2. g3 Nf6 3. Bg2 g6 4. Nf3 Bg7 5. c4 O-O 6. O-O d6 7. Nc3 Qe8 8. d5
Na6 9. Rb1 Bd7 10. b4 c5 11. dxc6 bxc6 12. a3 Nc7 13. Bb2 Ne6 14. e3 Rc8 15.
Qe2 c5 16. b5 g5 17. a4 f4 18. exf4 gxf4 19. Rfe1 Qh5 20. Nh4 Qg5 21. Nd5 Rce8
22. Nxf6+ exf6 23. Qd1 f5 24. Bxg7 Qxg7 25. Qxd6 Nd4 26. Bd5+ Kh8 27. Rxe8 Rxe8
28. Kg2 fxg3 29. fxg3 Ne2 1-0

[Event "Gonfreville l'Orcher II-Echiquier Berry"]
[Site "Lisieux"]
[Date "2008.03.16"]
[Round "8.3"]
[White "Bacon, Nicolas"]
[Black "Laurent, Julien"]
[Result "0-1"]
[WhiteElo "2270"]
[BlackElo "2316"]
[PlyCount "52"]
[EventDate "2008.03.15"]
[SourceDate "2007.10.25"]

1. e4 c5 2. Nf3 d6 3. d4 Nf6 4. Nc3 cxd4 5. Nxd4 g6 6. Bc4 Bg7 7. Be3 Nc6 8. f3
Bd7 9. Qd2 Rc8 10. Bb3 Na5 11. Bh6 Bxh6 12. Qxh6 Nc4 13. O-O-O Qa5 14. Nd5 Nxd5
15. exd5 Qxd5 16. Rhe1 Qh5 17. Qg7 Qg5+ 18. Kb1 Rf8 19. Bxc4 Rxc4 20. g3 e6 21.
f4 Qe7 22. f5 Rc5 23. Qxh7 gxf5 24. Qg7 f6 25. Qg6+ Qf7 26. Qh6 e5 0-1

[Event "Gonfreville l'Orcher II-Echiquier Berry"]
[Site "Lisieux"]
[Date "2008.03.16"]
[Round "8.4"]
[White "Webb, Laurence"]
[Black "Jeanne, Mickael"]
[Result "1-0"]
[WhiteElo "2304"]
[BlackElo "2231"]
[PlyCount "153"]
[EventDate "2008.03.15"]
[SourceDate "2007.10.25"]

1. e4 e6 2. d4 d5 3. e5 c5 4. c3 Nc6 5. Nf3 Bd7 6. Be2 f6 7. O-O fxe5 8. Nxe5
Nxe5 9. dxe5 Qc7 10. Bf4 O-O-O 11. Nd2 Ne7 12. Nf3 h6 13. b4 g5 14. Be3 Nc6 15.
Bxc5 Bxc5 16. bxc5 Nxe5 17. Nxe5 Qxe5 18. Re1 Qxc3 19. Rc1 Qa5 20. Bg4 Rhe8 21.
Qd4 Kb8 22. h3 Rc8 23. Qg7 Rc7 24. Qxh6 Rxc5 25. Qxg5 Rxc1 26. Rxc1 Qxa2 27.
Qe5+ Ka8 28. Rc7 Qb1+ 29. Kh2 Qb5 30. Qd6 Bc6 31. Qxe6 a5 32. Qf7 d4 33. g3 Qe5
34. Bd7 Qxc7 35. Qxe8+ Ka7 36. Bxc6 Qxc6 37. Qd8 Qc5 38. Qd7 Qc4 39. h4 a4 40.
h5 a3 41. h6 a2 42. h7 a1=Q 43. h8=Q Qb2 44. Qf5 Qbb4 45. Qf4 Qd5 46. Qc7 Qb6
47. Qhb8+ Ka6 48. Qa8+ Qa7 49. Qe8 Qb5 50. Qef7 Qab6 51. Qa2+ Q6a5 52. Qd6+
Qbb6 53. Qc4+ Qab5 54. Qxb6+ Kxb6 55. Qxd4+ Kc6 56. g4 Qg5 57. Kg3 b5 58. f4
Qe7 59. Kf3 Qh4 60. f5 Qh1+ 61. Kf4 Qh6+ 62. Kg3 Qc1 63. f6 Qe1+ 64. Kf4 Qc1+
65. Kf5 Qh6 66. g5 Qh7+ 67. Kg4 Qf7 68. Qe4+ Kd6 69. Qb4+ Kc6 70. Kf4 Qh5 71.
Qe4+ Kd6 72. Qe5+ Kc6 73. Qe6+ Kc5 74. f7 Qh4+ 75. Kf5 Qh7+ 76. Kf6 Qh8+ 77.
Ke7 1-0

[Event "Gonfreville l'Orcher II-Echiquier Berry"]
[Site "Lisieux"]
[Date "2008.03.16"]
[Round "8.5"]
[White "Mandon, Fabrice"]
[Black "Pinson, Jean Yves"]
[Result "1/2-1/2"]
[WhiteElo "2186"]
[BlackElo "2036"]
[PlyCount "85"]
[EventDate "2008.03.15"]
[SourceDate "2007.10.25"]

1. e4 c5 2. Nf3 Nc6 3. d4 cxd4 4. Nxd4 a6 5. c4 e6 6. Nc3 Bc5 7. Nb3 Be7 8. Be2
Nf6 9. O-O Bb4 10. Be3 Bxc3 11. bxc3 Nxe4 12. Bf3 Nf6 13. Bc5 Ne5 14. Be2 d5
15. cxd5 Qxd5 16. Qc2 Bd7 17. f4 Bc6 18. Rf2 Ned7 19. Bb4 Qe4 20. Qd2 Qd5 21.
Qe1 a5 22. Nxa5 Rxa5 23. c4 Qd4 24. Rd1 Qe3 25. Bxa5 Ne4 26. Bb4 Ndc5 27. Kf1
Nxf2 28. Qxf2 Qxf2+ 29. Kxf2 Ne4+ 30. Ke3 f5 31. Bf3 Kf7 32. a3 Rc8 33. g3 g6
34. Rd4 Rc7 35. Ba5 Rc8 36. Rd8 Rxd8 37. Bxd8 Ke8 38. Bb6 Kd7 39. Kd4 Nd2 40.
Bd1 Nf1 41. Ke5 Nxh2 42. Kf6 Nf1 43. g4 1/2-1/2